Statistics for the top 3 ballon D'Or winners that won the most

Click here to take the quiz!

General Stats

  • This quiz has been taken 141 times
  • The average score is 6 of 10

Answer Stats

HintAnswer% Correct
1Lionel Messi
100%
1Cristiano Ronaldo
99%
3Ronaldo
98%
2Michel Platini
62%
2Johan Cruyff
60%
2Marco van Basten
60%
3Alfredo Di Stéfano
43%
3Karl-Heinz Rummenigge
33%
3Kevin Keegan
21%
3Franz Beckenbauer
6%

Score Distribution

Percentile by Number Answered

Percent of People with Each Score

Your Score History

You have not taken this quiz